Chiffres de e - Statistiques

Statistiques générales
  • Ce quiz a été pris 27 fois
  • Le résultat moyen est 3 sur 50
Statistiques - réponses
Chiffre % Correct
1 2,
100%
2 7
78%
3 1
67%
4 8
33%
5 2
22%
14 0
0%
22 0
0%
44 0
0%
7 1
0%
28 1
0%
9 2
0%
17 2
0%
23 2
0%
31 2
0%
34 2
0%
41 2
0%
18 3
0%
20 3
0%
29 3
0%
46 3
0%
11 4
0%
15 4
0%
26 4
0%
35 4
0%
42 4
0%
12 5
0%
16 5
0%
19 5
0%
30 5
0%
39 5
0%
21 6
0%
32 6
0%
33 6
0%
47 6
0%
25 7
0%
27 7
0%
37 7
0%
38 7
0%
40 7
0%
43 7
0%
6 8
0%
8 8
0%
10 8
0%
24 8
0%
13 9
0%
36 9
0%
45 9
0%
48 9
0%
49 9
0%
50 9
0%
Aucun quiz correspondant
Distribution des résultats
% des personnes avec chaque résultat
Percentile par nombre de réponses
Votre historique - résultats
Vous n’avez pas pris ce quiz